[Event "Roncana op-B 13th"]
[Site "Santa Eulalia de Roncana"]
[Date "2019.11.16"]
[Round "7"]
[White "Rodriguez Sorribes, Josep Antoni"]
[Black "Rivas Garcia, Alberto"]
[Result "1-0"]
[WhiteElo "1471"]
[BlackElo "1410"]
[PlyCount "106"]
[EventDate "2019.09.28"]
[EventType "swiss"]
[EventRounds "8"]
[EventCountry "ESP"]
[SourceTitle "CBM 193 Extra"]
[Source "ChessBase"]
[SourceDate "2020.01.31"]
[SourceVersion "1"]
[SourceVersionDate "2020.01.31"]
[SourceQuality "1"]

1. e4 c6 2. Nf3 d5 3. exd5 cxd5 4. d4 Nc6 5. Nc3 Nf6 6. h3 Bf5 7. a3 e6 8. Bf4 Bd6 9. Bxd6 Qxd6 10. Bd3 Bxd3 11. Qxd3 a6 12. 0-0 0-0 13. Rfe1 b5 14. b4 Rfe8 15. Ne5 Rac8 16. f4 Nd7 17. Ne2 Ncxe5 18. fxe5 Qc7 19. Rac1 f6 20. exf6 Nxf6 21. Ng3 Qc3 22. Ne2 Qxd3 23. cxd3 Nd7 24. Rxc8 Rxc8 25. Rc1 Rxc1+ 26. Nxc1 Kf7 27. Nb3 Kf6 28. Nc5 Nb8 29. g4 e5 30. dxe5+ Kxe5 31. Kf2 g6 32. Ke3 d4+ 33. Kf3 g5 34. Kg3 h6 35. h4 Kd5 36. hxg5 hxg5 37. Ne4 Nc6 38. Nxg5 Ne5 39. Nf3 Nxd3 40. g5 Ne5 41. Nxe5 Kxe5 42. Kf3 Kf5 43. g6 Kxg6 44. Ke4 d3 45. Kxd3 Kf5 46. Kd4 Kf4 47. Kc5 Ke4 48. Kb6 Kd4 49. Kxa6 Kc4 50. Ka5 Kb3 51. Kxb5 Kxa3 52. Ka5 Kb3 53. b5 Kc4 1-0

[Event "Roncana op-B 13th"]
[Site "Santa Eulalia de Roncana"]
[Date "2019.10.05"]
[Round "2"]
[White "Asatryan, Maria Cristina"]
[Black "Rodriguez Sorribes, Josep Antoni"]
[Result "0-1"]
[WhiteElo "1377"]
[BlackElo "1471"]
[PlyCount "86"]
[EventDate "2019.09.28"]
[EventType "swiss"]
[EventRounds "8"]
[EventCountry "ESP"]
[SourceTitle "CBM 193 Extra"]
[Source "ChessBase"]
[SourceDate "2020.01.31"]
[SourceVersion "1"]
[SourceVersionDate "2020.01.31"]
[SourceQuality "1"]

1. d4 d5 2. Bf4 Nf6 3. e3 g6 4. Nc3 Bg7 5. Bd3 0-0 6. Qe2 Nc6 7. Nf3 Re8 8. 0-0-0 a6 9. Ne5 Nb4 10. f3 Nxd3+ 11. Qxd3 c6 12. g4 Be6 13. h4 Rc8 14. h5 c5 15. dxc5 Rxc5 16. hxg6 fxg6 17. Bh6 Bh8 18. Nxg6 d4 19. exd4 Rxc3 20. bxc3 Qa5 21. g5 Bf5 22. Qc4+ Nd5 23. Nxh8 Rc8 24. Qb3 Rxc3 25. Qb2 Rxc2+ 26. Qxc2 Bxc2 27. Kxc2 Ne3+ 28. Kd3 Nxd1 29. Rxd1 Kxh8 30. Rg1 Qf5+ 31. Ke2 Kg8 32. Rc1 Kf7 33. Rc7 Qe6+ 34. Kd3 b5 35. Rc5 b4 36. Rc4 a5 37. Rc2 Qf5+ 38. Kd2 Qxf3 39. Rc8 Qg2+ 40. Kc1 Qxa2 41. Rf8+ Kg6 42. Re8 b3 43. Rc8 b2+ 0-1

[Event "Llinars del Valles op-B 12th"]
[Site "Llinars del Valles"]
[Date "2018.06.09"]
[Round "8.26"]
[White "Garcia Encinas, Nil"]
[Black "Rodriguez Sorribes, Josep Antoni"]
[Result "1-0"]
[WhiteElo "1245"]
[BlackElo "1565"]
[PlyCount "117"]
[EventDate "2018.04.14"]
[EventType "swiss"]
[EventRounds "8"]
[EventCountry "ESP"]
[SourceTitle "CBM 184 Extra"]
[Source "ChessBase"]
[SourceDate "2018.06.28"]
[SourceVersion "1"]
[SourceVersionDate "2018.06.28"]
[SourceQuality "1"]

1. c4 e5 2. Nc3 Nc6 3. g3 Nf6 4. Bg2 Bc5 5. e3 a6 6. Nge2 d6 7. h3 Be6 8. d4 exd4 9. exd4 Bb4 10. d5 Bxc3+ 11. bxc3 Bd7 12. dxc6 Bxc6 13. 0-0 0-0 14. Bg5 Qd7 15. Bxf6 Bxg2 16. Kxg2 Qc6+ 17. Qd5 Qxd5+ 18. cxd5 gxf6 19. a4 Rfe8 20. Nd4 Re5 21. c4 Re4 22. Rad1 Rae8 23. Rd2 Kg7 24. Rb1 b6 25. Rb3 Re1 26. Nf5+ Kg6 27. g4 Rc1 28. Ne3 Ra1 29. Rdd3 Rxa4 30. Ra3 Rxa3 31. Rxa3 a5 32. Kf3 Kg5 33. Kg3 h6 34. h4+ Kg6 35. h5+ Kg7 36. Nf5+ Kh7 37. Kf4 Re1 38. Kf3 Rc1 39. Ne3 Kg7 40. Kf4 Rb1 41. Ra4 Rb2 42. f3 Rb3 43. Nf5+ Kh7 44. Nd4 Rd3 45. Ke4 Rd1 46. Nb5 Re1+ 47. Kf4 Re7 48. Kf5 Re3 49. f4 Rb3 50. Nxc7 Rb4 51. Rxb4 axb4 52. Nb5 b3 53. Nc3 Kg7 54. Ke4 b2 55. f5 Kf8 56. Kd3 Ke8 57. Kc2 Kd8 58. Kxb2 Kc7 59. Kb3 1-0

[Event "Llinars del Valles op-B 12th"]
[Site "Llinars del Valles"]
[Date "2018.05.19"]
[Round "5.7"]
[White "Rodriguez Sorribes, Josep Antoni"]
[Black "Moles Benali, Joan"]
[Result "0-1"]
[WhiteElo "1565"]
[BlackElo "1470"]
[PlyCount "72"]
[EventDate "2018.04.14"]
[EventType "swiss"]
[EventRounds "8"]
[EventCountry "ESP"]
[SourceTitle "CBM 184 Extra"]
[Source "ChessBase"]
[SourceDate "2018.06.28"]
[SourceVersion "1"]
[SourceVersionDate "2018.06.28"]
[SourceQuality "1"]

1. c4 e6 2. d4 d5 3. c5 Nf6 4. Nc3 Nc6 5. Nf3 a5 6. e3 b6 7. Bb5 Bd7 8. Bxc6 Bxc6 9. Ne5 Bb7 10. Qa4+ c6 11. Nxc6 Qd7 12. Ne5 Qxa4 13. Nxa4 bxc5 14. dxc5 Rc8 15. 0-0 Ne4 16. Nd3 Nxc5 17. Naxc5 Bxc5 18. Nxc5 Rxc5 19. Bd2 Kd7 20. b4 Rc2 21. Rfd1 axb4 22. Bxb4 Rhc8 23. a3 Ba6 24. Be1 R8c6 25. Bb4 f5 26. g3 g5 27. h3 h5 28. Be1 g4 29. hxg4 hxg4 30. Kg2 Rc8 31. a4 Be2 32. Rdb1 Bf3+ 33. Kg1 Rh8 34. Rb7+ Rc7 35. Rxc7+ Kxc7 36. Rc1+ Kd7 0-1

[Event "Llinars del Valles op-B 12th"]
[Site "Llinars del Valles"]
[Date "2018.05.05"]
[Round "4.6"]
[White "Cutura Sole, Alexandre"]
[Black "Rodriguez Sorribes, Josep Antoni"]
[Result "1/2-1/2"]
[WhiteElo "1456"]
[BlackElo "1565"]
[PlyCount "68"]
[EventDate "2018.04.14"]
[EventType "swiss"]
[EventRounds "8"]
[EventCountry "ESP"]
[SourceTitle "CBM 184 Extra"]
[Source "ChessBase"]
[SourceDate "2018.06.28"]
[SourceVersion "1"]
[SourceVersionDate "2018.06.28"]
[SourceQuality "1"]

1. c4 c5 2. Nc3 Nc6 3. d3 Nf6 4. g3 g6 5. Bg2 Bg7 6. e3 0-0 7. Nge2 e6 8. 0-0 d5 9. cxd5 exd5 10. Nf4 Be6 11. Nxe6 fxe6 12. a3 Rc8 13. Rb1 a6 14. Bd2 b5 15. Ne2 e5 16. b4 c4 17. dxc4 dxc4 18. Bc3 Qe7 19. Qc2 Qe6 20. Rbd1 Rcd8 21. Rxd8 Nxd8 22. Rd1 Nf7 23. Rd2 Rd8 24. Qd1 Rxd2 25. Qxd2 Qf5 26. f3 Qd3 27. Qxd3 cxd3 28. Nc1 Nd5 29. Bd2 Bh6 30. Nxd3 Bxe3+ 31. Bxe3 Nxe3 32. Nc5 Nc4 33. Nxa6 Nxa3 34. Bf1 Nd6 1/2-1/2

[Event "Llinars del Valles op 11th B"]
[Site "Llinars del Valles"]
[Date "2017.06.10"]
[Round "8.9"]
[White "Martin Capitan, Jesus C"]
[Black "Rodriguez Sorribes, Josep Antoni"]
[Result "1-0"]
[WhiteElo "1681"]
[BlackElo "1587"]
[PlyCount "89"]
[EventDate "2017.04.22"]
[EventType "swiss"]
[EventRounds "9"]
[EventCountry "ESP"]
[SourceTitle "EXT 2024"]
[Source "ChessBase"]
[SourceDate "2023.10.10"]
[SourceVersion "1"]
[SourceVersionDate "2023.10.10"]
[SourceQuality "1"]

1. g3 Nf6 2. c4 e6 3. Bg2 c6 4. Nf3 d5 5. cxd5 exd5 6. 0-0 Be7 7. d4 0-0 8. Nc3 Bf5 9. Re1 Na6 10. Nh4 Be6 11. a3 Qc8 12. e4 dxe4 13. Nxe4 Rd8 14. Bg5 c5 15. Nxf6+ gxf6 16. Bh6 Rxd4 17. Qf3 Rb8 18. Nf5 Bxf5 19. Rxe7 Nc7 20. Rxc7 Qxc7 21. Qxf5 Qd6 22. Bf4 Rxf4 23. Qxf4 Qxf4 24. gxf4 b6 25. Rd1 Re8 26. Kf1 Re7 27. Bc6 Kg7 28. Rd7 Rxd7 29. Bxd7 Kg6 30. Ke2 f5 31. Kd3 Kf6 32. Kc4 h6 33. Kb5 Ke7 34. Bxf5 Kd6 35. Ka6 c4 36. Kxa7 Kc5 37. Ka6 b5 38. Ka5 h5 39. Bd7 c3 40. bxc3 Kc4 41. Bxb5+ Kxc3 42. a4 Kd4 43. Kb6 Ke4 44. a5 Kxf4 45. Bc6 1-0

[Event "Llinars del Valles op 11th B"]
[Site "Llinars del Valles"]
[Date "2017.05.20"]
[Round "5.9"]
[White "Rodriguez Sorribes, Josep Antoni"]
[Black "Garcia Cachinero, Jesus"]
[Result "0-1"]
[WhiteElo "1587"]
[BlackElo "1507"]
[PlyCount "174"]
[EventDate "2017.04.22"]
[EventType "swiss"]
[EventRounds "9"]
[EventCountry "ESP"]
[SourceTitle "EXT 2024"]
[Source "ChessBase"]
[SourceDate "2023.10.10"]
[SourceVersion "1"]
[SourceVersionDate "2023.10.10"]
[SourceQuality "1"]

1. e4 c5 2. Nf3 Nc6 3. Nc3 g6 4. d4 cxd4 5. Nxd4 Bg7 6. Be3 Nf6 7. Nxc6 bxc6 8. Qd2 0-0 9. Be2 d6 10. 0-0 Qc7 11. Bf3 Ba6 12. Rfe1 Rfd8 13. Bf4 Nd7 14. h4 Ne5 15. Be2 Bxe2 16. Qxe2 h5 17. Nd1 Rab8 18. Rb1 Rb7 19. b3 Qc8 20. f3 Qe6 21. Nf2 Kh7 22. Nh3 f6 23. Rbd1 Rbd7 24. Bh2 Qg8 25. Nf2 Nf7 26. f4 Bh6 27. c4 e5 28. f5 g5 29. Qxh5 gxh4 30. Qxh4 Ng5 31. Rd3 Rg7 32. Kh1 Nf7 33. Rg1 Rg5 34. g4 Qf8 35. Nh3 Qe7 36. Nxg5+ Nxg5 37. Qh5 Qf7 38. Qxf7+ Nxf7 39. Rgd1 c5 40. Bg1 Rg8 41. Rg3 Bf4 42. Rg2 Kg7 43. Bh2 Rh8 44. Kg1 Be3+ 45. Kf1 Bd4 46. Bg1 Ng5 47. Bxd4 exd4 48. b4 Nxe4 49. bxc5 dxc5 50. Re1 Rh1+ 51. Ke2 d3+ 52. Kxd3 Rxe1 53. Rb2 Nd6 54. Rb8 Re7 55. Rd8 Nf7 56. Rd5 Rc7 57. Ke4 Ng5+ 58. Kf4 Nf7 59. Ke4 Kh6 60. Rd1 Kg5 61. Rg1 Rd7 62. Rg2 Rd4+ 63. Kf3 Ne5+ 64. Ke3 Rxc4 65. Rb2 Rc3+ 66. Ke4 Re3+ 67. Kd5 c4 68. Rb7 Kxg4 69. Ke6 Nd3+ 70. Kxf6 c3 71. Rg7+ Kf4 72. Rg2 Kf3 73. Rc2 Nf4 74. Kf7 Kg4 75. f6 Kg5 76. Kg7 Nh5+ 77. Kf7 Nxf6 78. Rg2+ Ng4 79. Rc2 Kf5 80. Rg2 Ne5+ 81. Ke7 Nc4+ 82. Kd7 Nd2 83. Kc6 Ke4 84. Kb5 Kd3 85. Rg8 Ke2 86. Rg2+ Kd1 87. Rg1+ Re1 0-1

[Event "Llinars del Valles op 11th B"]
[Site "Llinars del Valles"]
[Date "2017.05.13"]
[Round "4.4"]
[White "Castillo Martinez, Aran"]
[Black "Rodriguez Sorribes, Josep Antoni"]
[Result "1-0"]
[WhiteElo "1682"]
[BlackElo "1587"]
[PlyCount "113"]
[EventDate "2017.04.22"]
[EventType "swiss"]
[EventRounds "9"]
[EventCountry "ESP"]
[SourceTitle "EXT 2024"]
[Source "ChessBase"]
[SourceDate "2023.10.10"]
[SourceVersion "1"]
[SourceVersionDate "2023.10.10"]
[SourceQuality "1"]

1. d4 Nf6 2. Nf3 d5 3. e3 Nc6 4. Bd3 e6 5. b3 Be7 6. Bb2 Nb4 7. Be2 Nc6 8. Nbd2 Bd6 9. a3 0-0 10. Bd3 Ne7 11. 0-0 c6 12. Ne5 Qc7 13. f4 c5 14. Rf3 cxd4 15. exd4 Nf5 16. Rh3 g6 17. Qe1 Kg7 18. Ndf3 Rh8 19. g4 Bxe5 20. Nxe5 Nd6 21. Kh1 Nfe4 22. Qe2 f6 23. Nf3 Bd7 24. Rg1 Bc6 25. Nh4 Nf7 26. Bc1 Qb6 27. Be3 Nfd6 28. Qe1 Nb5 29. Bxe4 Qc7 30. Bg2 Nxa3 31. Qd2 Bd7 32. Rg3 Rac8 33. c3 a5 34. Rc1 Qb6 35. Qa2 Nb5 36. Bf2 Rc7 37. Qb2 Rhc8 38. Rd3 Qd6 39. Bg3 Qb6 40. Nf3 Nd6 41. Nd2 Nc4 42. Nxc4 dxc4 43. Re3 cxb3 44. Rb1 a4 45. Be1 Bc6 46. Bxc6 Qxc6+ 47. Kg1 Qd6 48. Bg3 Qb6 49. Ra1 Qa5 50. Rc1 Rc6 51. Be1 Qb5 52. Ra1 Ra6 53. Ra3 Kf7 54. Bd2 Qd5 55. Bc1 Qd6 56. Qf2 Qxa3 57. Bxa3 1-0

[Event "Roncana op-A 10th"]
[Site "Santa Eulalia de Roncana"]
[Date "2016.11.12"]
[Round "7"]
[White "Rodriguez Sorribes, Josep Antoni"]
[Black "Riera Marcos, Albert"]
[Result "0-1"]
[WhiteElo "1569"]
[BlackElo "1757"]
[PlyCount "40"]
[EventDate "2016.09.24"]
[EventType "swiss"]
[EventRounds "8"]
[EventCountry "ESP"]
[SourceTitle "EXT 2018"]
[Source "ChessBase"]
[SourceDate "2017.10.13"]
[SourceVersion "1"]
[SourceVersionDate "2017.10.13"]
[SourceQuality "1"]

1. c4 Nf6 2. Nc3 g6 3. Nf3 Bg7 4. g3 0-0 5. Bg2 d6 6. 0-0 e5 7. e4 Ne8 8. d3 f5 9. Bd2 f4 10. Qc1 g5 11. h3 a5 12. a4 h5 13. gxf4 exf4 14. Nh2 Be5 15. Qd1 Nf6 16. Bf3 Qe8 17. Bg2 g4 18. hxg4 hxg4 19. f3 g3 20. Ng4 Qh5 0-1

[Event "Roncana op-A 10th"]
[Site "Santa Eulalia de Roncana"]
[Date "2016.10.01"]
[Round "2"]
[White "Baltasar Diaz, Vicente"]
[Black "Rodriguez Sorribes, Josep Antoni"]
[Result "1-0"]
[WhiteElo "1739"]
[BlackElo "1569"]
[PlyCount "139"]
[EventDate "2016.09.24"]
[EventType "swiss"]
[EventRounds "8"]
[EventCountry "ESP"]
[SourceTitle "EXT 2018"]
[Source "ChessBase"]
[SourceDate "2017.10.13"]
[SourceVersion "1"]
[SourceVersionDate "2017.10.13"]
[SourceQuality "1"]

1. e4 c6 2. d3 e6 3. Nd2 d5 4. Ngf3 Nd7 5. g3 e5 6. Bg2 d4 7. 0-0 Ngf6 8. c3 c5 9. Nc4 Qc7 10. a4 a5 11. Bd2 b6 12. Rc1 Qb8 13. Qb3 Be7 14. Nh4 0-0 15. Nf5 Bd8 16. Ncd6 Ba6 17. Qc2 g6 18. Bh6 gxf5 19. Qd2 f4 20. Bxf8 Nxf8 21. Nf5 Ng6 22. cxd4 cxd4 23. Qc2 Ra7 24. Qc6 Rc7 25. Qd6 Ne8 26. Qd5 Bxd3 27. Rfd1 Nf6 28. Nh6+ Kg7 29. Nf5+ Kh8 30. Qb3 Bxe4 31. Bxe4 Nxe4 32. gxf4 Nxf4 33. Qf3 Ng5 34. Qg3 Nfh3+ 35. Kf1 f6 36. Qa3 Rf7 37. Nh6 Kg7 38. Nxf7 Kxf7 39. Qb3+ Kg7 40. Qd5 Nf7 41. Qd7 Nf4 42. Rc8 Qd6 43. Rxd8 Qb4 44. Qg4+ Ng6 45. Rd7 Qxa4 46. Rc1 h5 47. Qe6 Ngh8 48. Rcc7 Qd1+ 49. Kg2 Qg4+ 50. Qxg4+ hxg4 51. Rb7 Kg6 52. Rxb6 Kf5 53. Kf1 Ng5 54. Rdd6 Ne4 55. Rd5 a4 56. Rb4 Kf4 57. Rxa4 Kf3 58. Ra3+ Kf4 59. Ra6 Kf3 60. b4 Ng6 61. Ra3+ Kf4 62. b5 Nc3 63. Rc5 Ke4 64. b6 Nf8 65. b7 Nd7 66. Rc8 Nb5 67. Rb3 d3 68. Rxb5 d2 69. Ke2 f5 70. b8Q 1-0

[Event "Roncana op-B 9th"]
[Site "Santa Eulalia de Roncana"]
[Date "2015.11.21"]
[Round "7"]
[White "Rodriguez Sorribes, Josep Antoni"]
[Black "Sola Montoya, Josep"]
[Result "1-0"]
[WhiteElo "1848"]
[BlackElo "1865"]
[PlyCount "75"]
[EventDate "2015.10.03"]
[EventType "swiss"]
[EventRounds "8"]
[EventCountry "ESP"]
[SourceTitle "EXT 2017"]
[Source "ChessBase"]
[SourceDate "2016.10.25"]
[SourceVersion "1"]
[SourceVersionDate "2016.10.25"]
[SourceQuality "1"]

1. c4 e6 2. Nc3 d5 3. cxd5 exd5 4. d4 Nf6 5. Nf3 c6 6. Bg5 Be7 7. e3 0-0 8. Bxf6 Bxf6 9. h3 Be6 10. Bd3 Nd7 11. Qc2 h6 12. b4 Be7 13. a3 Nf6 14. 0-0 Qd7 15. Ne5 Qc8 16. f4 Bd6 17. Rf3 Ne8 18. Qf2 Bxe5 19. dxe5 Bf5 20. e4 dxe4 21. Nxe4 Bxe4 22. Bxe4 Qe6 23. Bc2 Nc7 24. Bb3 Qe7 25. Rd1 a6 26. Rd6 Nb5 27. Rdd3 Rad8 28. a4 Rxd3 29. Rxd3 Nc7 30. Qd2 Ne6 31. Rd7 Qh4 32. f5 Qf4 33. Qxf4 Nxf4 34. Rxb7 Rd8 35. Bxf7+ Kf8 36. Kf2 Nd5 37. Kf3 Ne7 38. Be6 1-0

[Event "Roncana op-B 9th"]
[Site "Santa Eulalia de Roncana"]
[Date "2015.11.14"]
[Round "6"]
[White "Maria Oproae, Alex Maria"]
[Black "Rodriguez Sorribes, Josep Antoni"]
[Result "0-1"]
[WhiteElo "1828"]
[BlackElo "1848"]
[PlyCount "152"]
[EventDate "2015.10.03"]
[EventType "swiss"]
[EventRounds "8"]
[EventCountry "ESP"]
[SourceTitle "EXT 2017"]
[Source "ChessBase"]
[SourceDate "2016.10.25"]
[SourceVersion "1"]
[SourceVersionDate "2016.10.25"]
[SourceQuality "1"]

1. e4 c6 2. Ne2 d5 3. e5 e6 4. d4 Nd7 5. c3 c5 6. Ng3 c4 7. Nd2 Ne7 8. Nf3 h6 9. b3 b5 10. bxc4 dxc4 11. Ne4 Nd5 12. Bd2 N7b6 13. a4 Bd7 14. axb5 Bxb5 15. Ng1 Be7 16. Nh3 Qc7 17. Nf4 Nxf4 18. Bxf4 Qc6 19. Qf3 Qd5 20. Nd2 Qxf3 21. Nxf3 Nd5 22. Bd2 0-0 23. Be2 a5 24. 0-0 a4 25. Rfb1 Nc7 26. Bd1 a3 27. Ra2 Ra5 28. Ne1 Rfa8 29. Bc2 Bc6 30. g3 g5 31. Ng2 Kg7 32. Ne3 Bd5 33. Nxd5 exd5 34. Rb7 R5a7 35. Rxa7 Rxa7 36. f4 gxf4 37. gxf4 Rb7 38. f5 f6 39. exf6+ Kxf6 40. Bf4 Ne8 41. Bc1 Ra7 42. Bxh6 Ng7 43. h4 Kf7 44. Bg5 Bf8 45. Bc1 Kf6 46. Bb1 Bd6 47. Kg2 Bf8 48. Kg3 Rb7 49. Bc2 Rb8 50. Kg4 Re8 51. Bg5+ Kf7 52. f6 Ne6 53. h5 Nxg5 54. Bg6+ Kxf6 55. Bxe8 Ne4 56. Rc2 Bh6 57. Bg6 a2 58. Rxa2 Nxc3 59. Rf2+ Ke6 60. Bf7+ Ke7 61. Bg6 Be3 62. Rh2 Bxd4 63. h6 Be5 64. h7 Bh8 65. Rh3 d4 66. Kg5 Nd5 67. Rh1 Kd6 68. Rf1 d3 69. Rf8 Bg7 70. h8Q Bxh8 71. Rxh8 Kc5 72. Rh2 Kd4 73. Bf7 c3 74. Bxd5 Kxd5 75. Kf4 c2 76. Rh8 c1Q+ 0-1

[Event "Llinars del Valles op-B 9th"]
[Site "Llinars del Valles"]
[Date "2015.06.06"]
[Round "8"]
[White "Herrera Galera, Gerard"]
[Black "Rodriguez Sorribes, Josep Antoni"]
[Result "0-1"]
[WhiteElo "1934"]
[BlackElo "1814"]
[PlyCount "80"]
[EventDate "2015.04.11"]
[EventType "swiss"]
[EventRounds "9"]
[EventCountry "ESP"]
[SourceTitle "EXT 2018"]
[Source "ChessBase"]
[SourceDate "2017.10.13"]
[SourceVersion "1"]
[SourceVersionDate "2017.10.13"]
[SourceQuality "1"]

1. e4 c6 2. d4 d5 3. e5 Bf5 4. Nf3 Qa5+ 5. Nbd2 Na6 6. c3 e6 7. Nb3 Qb6 8. Bd3 Ne7 9. Nh4 Bxd3 10. Qxd3 c5 11. dxc5 Nxc5 12. Nxc5 Qxc5 13. Be3 Qc7 14. f4 g6 15. Qb5+ Qc6 16. Qxc6+ Nxc6 17. Nf3 Be7 18. Nd4 0-0 19. Nxc6 bxc6 20. h4 h5 21. 0-0-0 c5 22. Rdg1 f5 23. exf6 Rxf6 24. g4 Kh7 25. gxh5 gxh5 26. Rg2 Rg6 27. Rhg1 Rag8 28. Rxg6 Rxg6 29. Rxg6 Kxg6 30. a3 a6 31. b4 cxb4 32. cxb4 Bxh4 33. a4 Be1 34. b5 axb5 35. axb5 Ba5 36. b6 h4 37. b7 Bc7 38. Ba7 h3 39. b8Q Bxb8 40. Bxb8 Kf5 0-1

[Event "Llinars del Valles op-B 8th"]
[Site "Llinars del Valles"]
[Date "2015.05.02"]
[Round "4"]
[White "Rodriguez Sorribes, Josep Antoni"]
[Black "Soler Colomer, Joan"]
[Result "0-1"]
[WhiteElo "1814"]
[BlackElo "1885"]
[PlyCount "124"]
[EventDate "2015.04.11"]
[EventType "swiss"]
[EventRounds "9"]
[EventCountry "ESP"]
[SourceTitle "EXT 2016"]
[Source "ChessBase"]
[SourceDate "2015.10.08"]
[SourceVersion "1"]
[SourceVersionDate "2015.10.08"]
[SourceQuality "1"]

1. c4 e6 2. d4 f5 3. Nc3 Bb4 4. Bd2 Nf6 5. Nf3 0-0 6. Qb3 Bxc3 7. Bxc3 b6 8. e3 Bb7 9. Be2 d6 10. c5 Bd5 11. Bc4 Bxc4 12. Qxc4 d5 13. Qb3 Nc6 14. Qb5 Ne7 15. Ng5 Qc8 16. cxb6 axb6 17. Bb4 Re8 18. 0-0 h6 19. Nf3 Qb7 20. Bxe7 Rxe7 21. Ne5 Rc8 22. Nc6 Ree8 23. a4 Ne4 24. Ne5 Nd6 25. Qb3 c5 26. dxc5 Rxc5 27. f4 Rec8 28. Nd3 R5c7 29. Qa3 Nc4 30. Qa2 Nxe3 31. Rf3 Ng4 32. h3 Nf6 33. Re1 Ne4 34. a5 bxa5 35. Qxa5 Rc4 36. Ra1 Rc2 37. Qa6 Qxa6 38. Rxa6 Kf7 39. b4 R2c7 40. Ne5+ Kf6 41. b5 Rb8 42. Rb3 Nc5 43. b6 Rcb7 44. Ra7 Nxb3 45. Nc6 Rxb6 46. Nxb8 Rxb8 47. Ra3 Rb6 48. Ra2 Nc5 49. Kh2 e5 50. fxe5+ Kxe5 51. Ra7 Ne6 52. Kg1 d4 53. Kf1 Ke4 54. Ra3 g5 55. Ke1 Rb1+ 56. Kf2 Rb2+ 57. Kf1 d3 58. Ra6 Nd4 59. Ke1 Rxg2 60. Rxh6 Ke3 61. Kf1 Ra2 62. Kg1 d2 0-1

[Event "Llinars del Valles op-B 8th"]
[Site "Llinars del Valles"]
[Date "2015.04.25"]
[Round "3"]
[White "Parra Ordorica, Gorka"]
[Black "Rodriguez Sorribes, Josep Antoni"]
[Result "1/2-1/2"]
[WhiteElo "1851"]
[BlackElo "1814"]
[PlyCount "67"]
[EventDate "2015.04.11"]
[EventType "swiss"]
[EventRounds "9"]
[EventCountry "ESP"]
[SourceTitle "EXT 2016"]
[Source "ChessBase"]
[SourceDate "2015.10.08"]
[SourceVersion "1"]
[SourceVersionDate "2015.10.08"]
[SourceQuality "1"]

1. e4 e5 2. Nf3 Nc6 3. Bc4 Be7 4. Nc3 Nf6 5. d3 d6 6. Be3 Na5 7. Bb3 Nxb3 8. axb3 a6 9. h3 h6 10. 0-0 c6 11. Qe2 Be6 12. Rfd1 c5 13. Nd2 b5 14. Qe1 0-0 15. Ra2 b4 16. Ne2 a5 17. Rda1 Qc7 18. Nc4 Bxc4 19. bxc4 Ra6 20. Ng3 Rfa8 21. b3 Kh7 22. Nf5 Bd8 23. Qd2 Ng8 24. Ra4 Bf6 25. g3 Qd8 26. Kg2 Bg5 27. Bxg5 Qxg5 28. Qxg5 hxg5 29. f3 g6 30. Ne3 Nf6 31. Nd5 Nxd5 32. exd5 Kg7 33. Kf2 f5 34. Kg2 1/2-1/2

[Event "Llinars del Valles op-B 8th"]
[Site "Llinars del Valles"]
[Date "2015.04.18"]
[Round "2"]
[White "Rodriguez Sorribes, Josep Antoni"]
[Black "Canovas Pardo, Jordi"]
[Result "1/2-1/2"]
[WhiteElo "1814"]
[BlackElo "1992"]
[PlyCount "135"]
[EventDate "2015.04.11"]
[EventType "swiss"]
[EventRounds "9"]
[EventCountry "ESP"]
[SourceTitle "EXT 2016"]
[Source "ChessBase"]
[SourceDate "2015.10.08"]
[SourceVersion "1"]
[SourceVersionDate "2015.10.08"]
[SourceQuality "1"]

1. e4 Nc6 2. d4 d5 3. e5 Bf5 4. c3 e6 5. Bb5 Qd7 6. Nf3 a6 7. Ba4 b5 8. Bc2 Bxc2 9. Qxc2 f6 10. 0-0 fxe5 11. dxe5 Nge7 12. Bf4 Ng6 13. Bg3 Be7 14. h4 Qd8 15. h5 Nh4 16. Nd4 Nxd4 17. cxd4 Nf5 18. Qc6+ Kf7 19. Rd1 Ra7 20. Nc3 Bb4 21. Ne2 Ne7 22. Qc1 Rf8 23. Bh4 Qd7 24. h6 g6 25. Rd3 Kg8 26. Bf6 c5 27. Qg5 cxd4 28. Nxd4 Nc6 29. Nb3 Nd8 30. Qh4 Rc7 31. Qxb4 Nf7 32. Nc5 Qc8 33. Nb3 Nxh6 34. Rc3 Rxc3 35. bxc3 Rf7 36. Rc1 Rc7 37. Nd4 Kf7 38. Bg5 Ng8 39. Ne2 Rc4 40. Qb2 h6 41. Be3 g5 42. Bd4 Ne7 43. Qc2 Kg7 44. a3 Nc6 45. Qd2 Qf8 46. Qb2 Qe7 47. Kf1 h5 48. g3 Qf8 49. Qd2 Qf5 50. f4 Qh3+ 51. Kf2 Qh2+ 52. Ke3 Qg2 53. fxg5 Nxe5 54. Bxe5+ Kg8 55. Bd4 Qe4+ 56. Kf2 e5 57. Be3 h4 58. Rg1 h3 59. g4 h2 60. Qe1 hxg1Q+ 61. Qxg1 Qxg4 62. Qxg4 Rxg4 63. Kf3 Rc4 64. Bb6 Kf7 65. Ba5 Kg6 66. Bd8 Kf7 67. Ba5 Kg6 68. Bd8 1/2-1/2

[Event "Roncana op-B 8th"]
[Site "Santa Eulalia de Roncana"]
[Date "2014.10.18"]
[Round "2"]
[White "Rodriguez Sorribes, Josep Antoni"]
[Black "Bailles Fernandez, Sergi"]
[Result "1-0"]
[WhiteElo "1855"]
[BlackElo "1786"]
[PlyCount "119"]
[EventDate "2014.10.11"]
[EventType "swiss"]
[EventRounds "8"]
[EventCountry "ESP"]
[SourceTitle "EXT 2016"]
[Source "ChessBase"]
[SourceDate "2015.10.08"]
[SourceVersion "1"]
[SourceVersionDate "2015.10.08"]
[SourceQuality "1"]

1. d4 d5 2. c4 e6 3. c5 Nf6 4. Nf3 Nc6 5. e3 Be7 6. Nc3 b6 7. Bb5 Bd7 8. Bxc6 Bxc6 9. Ne5 Bb7 10. Qa4+ c6 11. Nxc6 Bxc6 12. Qxc6+ Nd7 13. cxb6 axb6 14. 0-0 0-0 15. Qb5 Qc7 16. Bd2 Rfd8 17. Rfc1 Rdb8 18. Nxd5 Qd6 19. Nxe7+ Qxe7 20. Rc7 Rd8 21. Bb4 Qe8 22. f4 Rac8 23. Rac1 Rxc7 24. Rxc7 Nf6 25. Qxe8+ Rxe8 26. Rb7 h6 27. Kf2 Rc8 28. Kf3 Rc2 29. Ba3 h5 30. h3 Nd5 31. e4 Nf6 32. Rxb6 Rc4 33. Rb8+ Kh7 34. Rd8 Rc1 35. Bb4 Rb1 36. Bc3 Rf1+ 37. Ke3 Rg1 38. d5 Rxg2 39. Bxf6 gxf6 40. d6 Rg3+ 41. Ke2 Rg2+ 42. Kf3 Rd2 43. d7 Kg7 44. a4 f5 45. Ke3 Rd1 46. e5 f6 47. exf6+ Kxf6 48. Rf8+ Ke7 49. d8Q+ Rxd8 50. Rxd8 Kxd8 51. Kd4 Kc7 52. Ke5 Kd7 53. b4 Kc6 54. b5+ Kb6 55. Kxe6 Kc7 56. a5 Kb7 57. a6+ Kb8 58. Kxf5 Kc8 59. Kg5 Kb8 60. Kxh5 1-0

[Event "Roncana op-B 8th"]
[Site "Santa Eulalia de Roncana"]
[Date "2014.10.11"]
[Round "1"]
[White "Garcia Torres, Adolfo"]
[Black "Rodriguez Sorribes, Josep Antoni"]
[Result "0-1"]
[WhiteElo "1731"]
[BlackElo "1855"]
[PlyCount "70"]
[EventDate "2014.10.11"]
[EventType "swiss"]
[EventRounds "8"]
[EventCountry "ESP"]
[SourceTitle "EXT 2016"]
[Source "ChessBase"]
[SourceDate "2015.10.08"]
[SourceVersion "1"]
[SourceVersionDate "2015.10.08"]
[SourceQuality "1"]

1. d4 d5 2. e3 Nc6 3. f4 Nf6 4. Nf3 Bf5 5. c3 e6 6. Bb5 a6 7. Bxc6+ bxc6 8. Qa4 Nd7 9. Qxc6 Bd6 10. 0-0 0-0 11. Nbd2 Qe7 12. c4 dxc4 13. Nxc4 Rfb8 14. e4 Bg4 15. a3 Bxf3 16. Rxf3 Qd8 17. e5 Be7 18. f5 exf5 19. Rxf5 Nb6 20. Nxb6 Qxd4+ 21. Rf2 cxb6 22. Qf3 Rf8 23. Bf4 Bc5 24. Raf1 Qxb2 25. Be3 Qxa3 26. Bxc5 Qxc5 27. Re1 a5 28. Qg4 a4 29. e6 fxe6 30. Qxe6+ Kh8 31. Ref1 Rxf2 32. Rxf2 Rf8 33. Qe2 b5 34. Kf1 Rxf2+ 35. Qxf2 Qxf2+ 0-1